| 000 | 00677nam a2200265Ia 4500 | ||
|---|---|---|---|
| 003 | OSt | ||
| 005 | 20221007110751.0 | ||
| 006 | a|||||r|||| 00| 0 | ||
| 007 | ta | ||
| 008 | 221006b |||||||| |||| 00| 0 eng d | ||
| 024 | _a21,838 | ||
| 037 | _cTextual | ||
| 040 |
_aLCO _cLCO _beng |
||
| 041 |
_2eng _aeng |
||
| 082 | _aX8(A):Z, L4 | ||
| 100 |
_aSaharay H. _9684800 |
||
| 245 | 0 | _aIndustrial and Labour Laws.V2 | |
| 250 | _a1st | ||
| 260 |
_aCalcutta _bBook Syndicate Private Ltd. India _c1974 |
||
| 300 | _avarious | ||
| 490 | _vVol.- IIII | ||
| 650 | _aLABOUR | ||
| 942 |
_hX8(A):Z, L4 _cTEXL |
||
| 999 |
_c1191401 _d1191401 |
||